U.S. Cities Losing the Most People - Statistics

General Stats
  • This quiz has been taken 29 times
  • The average score is 11 of 20
Answer Stats
Loss City % % Correct
-327,522 New York City -3.7%
96%
-27,023 Chicago -1.0%
91%
-20,745 Los Angeles -0.5%
91%
-29,878 Philadelphia -1.9%
87%
-50,866 San Francisco -5.8%
83%
-21,676 St. Louis -7.2%
74%
-17,449 Baltimore -3.0%
70%
-21,429 New Orleans -5.6%
70%
-7,247 Cleveland -1.9%
65%
-17,627 Memphis -2.8%
65%
-12,254 Jackson -8.0%
57%
-16,773 Portland -2.6%
57%
-16,051 San Jose -1.6%
57%
-14,366 Milwaukee -2.5%
52%
-10,962 Shreveport -5.8%
39%
-15,865 Long Beach -3.4%
22%
-6,924 Norfolk -2.9%
17%
-8,704 Glendale -4.4%
13%
-7,370 Torrance -5.0%
13%
-6,879 Palmdale -4.1%
9%
No matching quizzes found
Score Distribution
Percent of People with Each Score
Percentile by Number Answered
Your Score History
You have not taken this quiz